PLÁNOVANIE V JEDNOTNÝCH ROĽNÍCKYCH DRUŽSTVÁCH

Podrobná bibliografia
Hlavní autori: Tomčáni, Ján, 1920-1990 (Autor), Fišera, Štefan, 1913-2003 (Autor)
Médium: Článok
Jazyk:slovenčina

MARC

LEADER 00000nab a2200000ua 4500
001 vtls010811482
003 SK-MaSNL
005 20260303153217.0
008 230222s1954 xo |||||||||||||||||slo|
035 |a (urnnbn)urn:nbn:sk:snk:ar-003rn2 
035 |a urn:nbn:sk:snk-ab5gn1 
035 |a (uuid)61dbf49c-725d-4784-b91f-76c2bfe50000 
040 |a SNKBUCL  |b slo  |c SNKBUCL  |e AACR2 
041 0 |a slo 
044 |a xo  |c SK 
100 1 |a Tomčáni, Ján,  |d 1920-1990  |4 aut  |9 199190 
245 1 0 |a PLÁNOVANIE V JEDNOTNÝCH ROĽNÍCKYCH DRUŽSTVÁCH  |c J. Tomčáni, Š. Fišera 
700 1 |a Fišera, Štefan,  |d 1913-2003  |4 aut  |9 211708 
773 0 |t Pôdohospodárstvo  |g Roč. 1, č. 3 (1954), s. 391-392 
954 |a odborná, vedecká literatúra pôvodná (slovenská)  |2 lita 
958 |a OND 
958 |a EUIPO 
958 |a article5 
999 |c 2027233  |d 2029163